000 00599nam a22002057a 4500
999 _c8737
_d8737
003 GBCCL
005 20241126110657.0
008 210922b ||||| |||| 00| 0 eng d
020 _a1433688913
020 _a9781433688911
040 _cGBC
082 _a262
_bCHU
245 _aUnderstanding church discipline /
_cauthor and series editor, Jonathan Leeman.
260 _aNashville, Tennessee :
_bB & H Books,
_c2016.
300 _avi, 68 pages ;
_c18 cm
440 _aChurch basics.
_915402
650 _aChurch discipline.
_92628
650 _aChurch membership.
_95644
942 _2ddc
_cBK
_07